Los estudios sobre administración en la España del siglo XVIII

Enregistré dans:
Détails bibliographiques
Auteur principal: Baena del Alcázar, Mariano (Auteur)
Format: Livre
Langue:espagnol
Publié: Madrid, España Instituto de Estudios Políticos 1968
Collection:Estudios de Administración XXXVIII
Sujets:
Tags: Ajouter un tag
Pas de tags, Soyez le premier à ajouter un tag!

MARC

LEADER 00000nam a2200000 a 4500
001 UCV0282
003 CL-VaPUC
005 20210608001340.0
008 880727e19680000SP |||||||||||||||||spa|d
999 |c 208885  |d 208883 
040 |c Pontificia Universidad Católica de Valparaíso 
082 0 4 |a 349.46 BAE 1968  |2 21 
100 0 |a Baena del Alcázar, Mariano  |e author  |9 294907 
245 1 4 |a Los estudios sobre administración en la España del siglo XVIII 
260 |a Madrid, España  |b Instituto de Estudios Políticos  |c 1968 
300 |a 167 páginas 
440 |a Estudios de Administración  |9 856875  |v  XXXVIII 
583 |a last modification  |c 20161102 01:52:12  |k Rodrigo Vera 
650 0 |a Derecho administrativo  |z ESPAÑA  |9 254851 
650 0 |a Historia del derecho  |z ESPAÑA  |9 255109 
651 |a ESPAÑA   |y SIGLO 18  |9 856876 
852 |a BIBDER 
942 |c BK  |2 ddc 
945 |d 19880727 00:00:00 
952 |0 0  |1 0  |4 0  |6 349_460000000000000_BAE_1968  |7 0  |8 DER_HIS  |9 183866  |a BIBDER  |b BIBDER  |d 2019-11-14  |i 2505282  |l 1  |o 349.46 BAE 1968  |p 2505282  |r 2023-01-25  |s 2020-03-18  |w 2019-11-14  |x Ubicación 4to Piso  |y BK  |z Estos recursos deben solicitarse con anticipación  |k DER